000 01018nam a22003850a 4500
001 PT41795
003 AR-LpoUNG
005 20260115154723.0
008 201001s2010||||ag |||||||||||||||||spa d
020 _a9789876300926
_c$7.50
040 _aAR-LpoUNG
_bspa
_eaacr
041 _aspa
044 _aag
082 0 _a507 195v3
100 1 _aRomanelli, Lilia
_ecoor.
245 1 0 _aMateadas cientĂ­ficas III :
_bmuseo interactivo
250 _a1ra. ed.
260 _aBuenos Aires :
_bUniversidad Nacional de General Sarmiento,
_c2010.
300 _a179 p. :
_bil.
490 0 _aCuadernos de la Ciencia y la TecnologĂ­a
650 4 _aCIENCIA Y TECNOLOGIA
650 4 _aCULTURA
650 4 _aECOLOGIA
650 4 _aECONOMIA
650 4 _aHISTORIA
650 4 _aINDUSTRIA CINEMATOGRAFICA
650 4 _aINNOVACIONES
650 4 _aINVESTIGACION Y DESARROLLO
650 4 _aMEDIO AMBIENTE
650 4 _aSOCIEDAD
651 4 _aArgentina
653 0 _aUNGS
905 _a41795
942 _cLIB
_2ddc
999 _c50874
_d50874